| 000 | 00733nam a2200217 a 4500 | ||
|---|---|---|---|
| 005 | 20230209063815.0 | ||
| 008 | 991125s1988 mx 000 0 spa u | ||
| 020 | _a968426450X | ||
| 035 | _aUPN01000005053 | ||
| 049 | _aCG | ||
| 050 | 4 |
_aHF5549.5 T7 _bC3 no.4 |
|
| 100 | 1 |
_aRodríguez Estrada, Mauro, _d1930-2007 |
|
| 245 | 1 | 0 |
_aAutoestima : _bclave del éxito personal / _cMauro Rodríguez Estrada, Georgina Pellicer de Flores, Magdalena Domínguez Eyssautier. |
| 260 |
_aMéxico : _bManual Moderno, _c1988. |
||
| 300 | _a84 p. | ||
| 440 | 0 |
_aCapacitación integral ; _v4 |
|
| 650 | 4 |
_aAutoestima _92906 |
|
| 700 | 1 |
_aPellicer de Flores, Georgina, _ecoaut. |
|
| 700 | 1 |
_aDomínguez Eyssautier, Magdalena, _ecoaut. |
|
| 905 | _aLibro | ||
| 999 |
_c5053 _d5053 |
||